The Game of Thrones Multiple Choice Quiz #3 (Level: Hard) - Statistics

General Stats
  • This quiz has been taken 619 times
  • The average score is 7 of 15
Answer Stats
Question Answer % Correct
ASoIaF: Which is these IS NOT a bastard of King Robert Baratheon? Joy Hill
71%
ASoIaF: What do the houses Strong, Lothston and Whent all have in common? They all lorded over Harrenhal.
67%
ASoIaF: The northern tower of Queenscrown and the Night's Watch fortress of Queensgate are both named for which historical Targaryen queen? Alysanne, Queen to Jaehaerys I
59%
ASoIaF: Petyr Baelish claims that his great-grandfather was a mercenary from Essos. Which city does Petyr say his relative originated from? Braavos
57%
ASoIaF: If I were to tell you that we were approaching a castle bearing a banner of a silver eagle on a purple field, which house would that castle belong to? House Mallister
57%
D&E: At Ashford meadows, Duncan the Tall enlisted a woman named Tanselle to paint a sigil on his shield. Aside from painting, what was her primary occupation? Puppeteer
54%
ASoIaF: Genna Lannister says about her brothers: "That shadow _____ cast was long and black, and each of them had to struggle to find a little sun. _____ tried to be his own man, but he could never match [The first name], and that just made him angrier as the years went by. _____ made japes. Better to mock the game than to play and lose. But _____ saw how things stood early on, so he made himself a place by [First name's] side." Pick the correct order in which the brothers are mentioned. Tywin, Tygett, Gerion, Kevan.
50%
D&E: In The Sworn Sword, what colour does the hedge knight Ser Bennis associate himself with? Brown
47%
GoT: Which of these musicians HAS NOT had a cameo in the show? Matthew Tuck of Bullet for My Valentine
39%
ASoIaF: Catelyn Stark said: "Courage he had, and strength, but there was no kindness in him, and little loyalty." Who is she referring to? Ser Bronn of the Blackwater
35%
ASoIaF: Which of these facts about the War of the Ninepenny Kings is TRUE? Tywin Lannister gave the future King Aerys Targaryen his spurs for gallantry in battle.
33%
ASoIaF: Edmure Tully's wife Roslin is the daughter of which wife of Lord Walder? Bethany Rosby
31%
GoT: At the Battle of Castle Black between the Night's Watch and the Wildlings, who kills Jon's friend and Night's Watch brother Pypar? (a.k.a Pyp) Ygritte
31%
ASoIaF: Which of these characters DID NOT die at the Red Wedding? Marq Piper
26%
GoT: Which of these characters appeared in the most episodes? Benjen Stark
4%
No matching quizzes found
Score Distribution
Percent of People with Each Score
Percentile by Number Answered
Your Score History
You have not taken this quiz